Auroral electrojet magnetic activity indices AE (11) for 1968 /

Bibliographic Details
Main Authors: Allen, J. H. (Joe Haskell) (Author), Abston, C. C. (Carl C.) (Author), Morris, Leslie D. (Author)
Format: Government Document eBook
Language:English
Published: Asheville, N.C. : U.S. Department of Commerce, National Oceanic and Atmospheric Administration, Environmental Data Service, 1973.
Series:Report UAG ; 29.
Subjects:
Online Access:https://purl.fdlp.gov/GPO/gpo61311

MARC

Tag First Indicator Second Indicator Subfields
LEADER 00000cam a2200000 i 4500
001 in00003602201
005 20211120173410.0
006 m o d f
007 cr |||||||||||
008 150924s1973 ncua o f000 0 eng c
035 |a (OCoLC)ocn921983084 
040 |a GPO  |b eng  |e rda  |e pn  |c GPO  |d GPO  |d MvI 
042 |a pcc 
049 |a WWW 
074 |a 0273-D-17 (online) 
086 0 |a C 55.220:29 
100 1 |a Allen, J. H.  |q (Joe Haskell),  |e author. 
245 1 0 |a Auroral electrojet magnetic activity indices AE (11) for 1968 /  |c by Joe Haskell Allen, Carl C. Abston and Leslie D. Morris. 
264 1 |a Asheville, N.C. :  |b U.S. Department of Commerce, National Oceanic and Atmospheric Administration, Environmental Data Service,  |c 1973. 
300 |a 1 online resource (i, 145 pages) :  |b illustrations. 
336 |a text  |b txt  |2 rdacontent 
337 |a computer  |b c  |2 rdamedia 
338 |a online resource  |b cr  |2 rdacarrier 
490 1 |a World Data Center A for Solar-Terrestrial Physics. Report UAG ;  |v 29 
500 |a At head of title: World Data Center A for Solar-Terrestrial Physics. 
500 |a Tables. 
500 |a "October 1973." 
500 |a Title from title screen (viewed September 24, 2015). 
504 |a Includes bibliographical references (page 7). 
650 0 |a Electromagnetism. 
650 0 |a Auroras  |v Charts, diagrams, etc. 
700 1 |a Abston, C. C.  |q (Carl C.),  |e author. 
700 1 |a Morris, Leslie D.,  |e author. 
710 1 |a United States.  |b Environmental Science Services Administration.  |b Research Laboratories,  |e issuing body. 
776 0 8 |i Print version:  |a Allen, J. H. (Joe Haskell).  |t Auroral electrojet magnetic activity indices AE (11) for 1968  |w (OCoLC)6589499 
830 0 |a Report UAG ;  |v 29. 
856 4 0 |u https://purl.fdlp.gov/GPO/gpo61311  |t 0 
999 f f |s 14797d44-fd3e-36fa-8d5c-5a4eff14f983  |i 98898be4-ca88-3c92-918a-8198adf71475  |t 0 
952 f f |a Texas A&M University  |b College Station  |c Electronic Resources  |d Available Online  |t 0  |e C 55.220:29  |h Superintendent of Documents classification 
998 f f |a C 55.220:29  |t 0  |l Available Online